[Event "CAN-ch U14"]
[Site "Windsor"]
[Date "2015.07.09"]
[Round "7.35"]
[White "Ladhani, Qalib"]
[Black "Chevalier, Cameron"]
[Result "1-0"]
[WhiteElo "1139"]
[BlackElo "951"]
[PlyCount "155"]
[EventDate "2015.07.06"]
[EventType "swiss"]
[EventRounds "7"]
[EventCountry "CAN"]
[SourceTitle "EXT 2022"]
[Source "ChessBase"]
[SourceDate "2021.10.06"]
[SourceVersion "1"]
[SourceVersionDate "2021.10.06"]
[SourceQuality "1"]

1. e4 c5 2. d4 cxd4 3. c3 d6 4. cxd4 Bd7 5. Qb3 Nc6 6. Bc4 e6 7. Nf3 Nf6 8. Nc3 Na5 9. Qc2 Nxc4 10. Qe2 Nb6 11. 0-0 g6 12. Bg5 Be7 13. Rfe1 0-0 14. d5 Re8 15. dxe6 Bxe6 16. Rad1 Bc4 17. Qc2 Qd7 18. e5 Nfd5 19. Bxe7 Rxe7 20. Ne4 dxe5 21. Nf6+ Nxf6 22. Rxd7 Rxd7 23. Nxe5 Re7 24. Nf3 Rxe1+ 25. Nxe1 Re8 26. Nf3 Bd5 27. h3 Be4 28. Qc3 Nbd5 29. Qb3 Bxf3 30. Qxf3 Re1+ 31. Kh2 Re7 32. g4 Rd7 33. Qe2 a6 34. g5 Re7 35. Qc4 Kg7 36. gxf6+ Nxf6 37. Qc3 Re2 38. Kg2 Re6 39. h4 b5 40. b4 Re4 41. Kg3 Rg4+ 42. Kh3 Rc4 43. Qb2 Rc6 44. Qe5 Re6 45. Qc3 Re2 46. f4 Rxa2 47. f5 Re2 48. fxg6 hxg6 49. h5 gxh5 50. Qg3+ Kh6 51. Qf4+ Kg7 52. Qg5+ Kh7 53. Qxf6 Re3+ 54. Kh4 Kg8 55. Qg5+ Kf8 56. Qxe3 Kg7 57. Kxh5 Kf6 58. Qb6+ Ke5 59. Qxa6 f5 60. Qxb5+ Ke4 61. Qf1 f4 62. b5 Kd5 63. Qc1 f3 64. b6 f2 65. b7 f1Q 66. Qxf1 Kd4 67. Qd3+ Kxd3 68. b8Q Kd4 69. Qf4+ Kd5 70. Kg5 Kc5 71. Qe4 Kd6 72. Kf5 Kc5 73. Ke5 Kb5 74. Qc2 Kb4 75. Kd5 Kb5 76. Qb3+ Ka6 77. Kc6 Ka5 78. Qb5# 1-0